<?xml version="1.0" encoding="UTF-8"?>
<record
    xmlns:xsi="http://www.w3.org/2001/XMLSchema-instance"
    xsi:schemaLocation="http://www.loc.gov/MARC21/slim http://www.loc.gov/standards/marcxml/schema/MARC21slim.xsd"
    xmlns="http://www.loc.gov/MARC21/slim">

  <leader>00825nam a22002177a 4500</leader>
  <controlfield tag="005">20230609113246.0</controlfield>
  <controlfield tag="008">150804b        mx ||||| |||| 00| 0 spa d</controlfield>
  <datafield tag="020" ind1=" " ind2=" ">
    <subfield code="a">9682411696</subfield>
  </datafield>
  <datafield tag="050" ind1="0" ind2="4">
    <subfield code="a">S561</subfield>
    <subfield code="b">A36 1982</subfield>
  </datafield>
  <datafield tag="245" ind1="1" ind2="0">
    <subfield code="a">Administraci&#xF3;n de empresas agropecuarias </subfield>
    <subfield code="c"> / Henck W. Ten Brinke ; con la colaboracion de Jesus Marquez Payan ; E. Lopez Gonzalez ; revision de Johan D. Berlijn. </subfield>
  </datafield>
  <datafield tag="250" ind1=" " ind2=" ">
    <subfield code="a">1a ed.</subfield>
  </datafield>
  <datafield tag="260" ind1=" " ind2=" ">
    <subfield code="a">M&#xE9;xico :</subfield>
    <subfield code="b">Trillas, </subfield>
    <subfield code="c">1982.</subfield>
  </datafield>
  <datafield tag="300" ind1=" " ind2=" ">
    <subfield code="a">112 p. ;  </subfield>
    <subfield code="b">il. ;</subfield>
    <subfield code="c">23 cm.</subfield>
  </datafield>
  <datafield tag="490" ind1="0" ind2=" ">
    <subfield code="a">Manuales para educaci&#xF3;n agropecuaria : Administraci&#xF3;n Rural ;</subfield>
    <subfield code="v">no. 50</subfield>
  </datafield>
  <datafield tag="500" ind1=" " ind2=" ">
    <subfield code="a">Incluye &#xED;ndice</subfield>
  </datafield>
  <datafield tag="650" ind1=" " ind2="7">
    <subfield code="2">lemb</subfield>
    <subfield code="a">Agricultura</subfield>
    <subfield code="x">Administraci&#xF3;n</subfield>
  </datafield>
  <datafield tag="700" ind1="1" ind2=" ">
    <subfield code="a">Ten Brinke, Henk W., </subfield>
    <subfield code="e">autor</subfield>
  </datafield>
  <datafield tag="700" ind1="1" ind2=" ">
    <subfield code="a">M&#xE1;rquez Pay&#xE1;n, Jes&#xFA;s,</subfield>
    <subfield code="e">colaborador</subfield>
  </datafield>
  <datafield tag="700" ind1="1" ind2=" ">
    <subfield code="a">D. Berlijn, Johan,</subfield>
    <subfield code="e">revisor.</subfield>
  </datafield>
  <datafield tag="942" ind1=" " ind2=" ">
    <subfield code="2">lcc</subfield>
    <subfield code="c">LIB</subfield>
  </datafield>
  <datafield tag="999" ind1=" " ind2=" ">
    <subfield code="c">97976</subfield>
    <subfield code="d">97976</subfield>
  </datafield>
  <datafield tag="952" ind1=" " ind2=" ">
    <subfield code="1">0</subfield>
    <subfield code="2">lcc</subfield>
    <subfield code="4">0</subfield>
    <subfield code="7">0</subfield>
    <subfield code="a">LIC-013</subfield>
    <subfield code="b">LIC-013</subfield>
    <subfield code="c">GENERAL</subfield>
    <subfield code="d">2015-08-04</subfield>
    <subfield code="f">1a ed.</subfield>
    <subfield code="k">CA</subfield>
    <subfield code="o">S561 A36 1982</subfield>
    <subfield code="p">MVZ000002428</subfield>
    <subfield code="r">2015-08-04 00:00:00</subfield>
    <subfield code="t">C : 1  V - 50</subfield>
    <subfield code="y">LIB</subfield>
  </datafield>
  <datafield tag="952" ind1=" " ind2=" ">
    <subfield code="1">0</subfield>
    <subfield code="2">lcc</subfield>
    <subfield code="4">0</subfield>
    <subfield code="7">0</subfield>
    <subfield code="a">UCIH</subfield>
    <subfield code="b">UCIH</subfield>
    <subfield code="c">GENERAL</subfield>
    <subfield code="d">2023-06-09</subfield>
    <subfield code="f">1a ed.</subfield>
    <subfield code="k">CA</subfield>
    <subfield code="l">0</subfield>
    <subfield code="o">S561 A36 r1985</subfield>
    <subfield code="p">BCU000022936</subfield>
    <subfield code="r">2023-06-09 00:00:00</subfield>
    <subfield code="t">1</subfield>
    <subfield code="v">1.00</subfield>
    <subfield code="y">LIB</subfield>
  </datafield>
  <datafield tag="952" ind1=" " ind2=" ">
    <subfield code="1">0</subfield>
    <subfield code="2">lcc</subfield>
    <subfield code="4">0</subfield>
    <subfield code="7">0</subfield>
    <subfield code="a">UCIH</subfield>
    <subfield code="b">UCIH</subfield>
    <subfield code="c">GENERAL</subfield>
    <subfield code="d">2023-06-09</subfield>
    <subfield code="f">1a ed.</subfield>
    <subfield code="k">CA</subfield>
    <subfield code="l">0</subfield>
    <subfield code="o">S561 A36 r1985</subfield>
    <subfield code="p">BCU000022937</subfield>
    <subfield code="r">2023-06-09 00:00:00</subfield>
    <subfield code="t">2</subfield>
    <subfield code="v">1.00</subfield>
    <subfield code="y">LIB</subfield>
  </datafield>
</record>
